Catalog

Record Details

Catalog Search



Available copies

  • 0 of 1 copy available at LARL/NWRL Consortium.

Current holds

0 current holds with 1 total copy.

Show All Copies
Location Call Number / Copy Notes Barcode Shelving Location Status Due Date

Record details

  • ISBN: 9780525528050
  • ISBN: 0525528059
  • ISBN: 9780525528074
  • ISBN: 0525528075
  • Physical Description: 10 audio discs (approximately 12 hr.) : CD audio, ... Read More
  • Edition: Unabridged.
  • Publisher: New York, NY : Random House Audio ; [2018]

Content descriptions

General Note:
Title from container.
Compact disc.
Formatted Contents Note:
Choose the good -- The midwife -- Cream shoes -- ... Read More
Participant or Performer Note:
Read by Julia Whelan.
Summary, etc.:
Traces the author's experiences as a child born to ... Read More
Subject: Westover, Tara > Family.
Westover, Tara.
Women > Idaho > Biography.
Survivalism > Idaho > Biography.
Home schooling > Idaho > Anecdotes.
Women college students > United States > Biography.
Victims of family violence > Idaho > Biography.
Subculture > Idaho.
Christian biography.
Idaho > Rural conditions > Anecdotes.
Idaho > Biography.
BIOGRAPHY & AUTOBIOGRAPHY / Women.
BIOGRAPHY & AUTOBIOGRAPHY / Religious.
BIOGRAPHY & AUTOBIOGRAPHY / Personal Memoirs.
Christian biography.
Families.
Home schooling.
Rural conditions.
Subculture.
Survivalism.
Victims of family violence.
Women.
Women college students.
Idaho.
United States.
Idaho > Rural conditions > Anecdotes.
Idaho > Biography.
Audiobooks.
Genre: Audiobooks.
Autobiographies.
Audiobooks.
Anecdotes.
Audiobooks.
Autobiographies.
Biography.
LDR 05026cim a2200961Ii 4500
001297953
003LARL_NWRL_CONSORTIUM
00520180918130241.0
008170513t20182018nyunnnn am n eng d
007sd fungnnmmneu
040 . ‡aBTCTA ‡beng ‡erda ‡cBTCTA ‡dBDX ‡dTEF ‡dBLACP ‡dKLP ‡dRECBC ‡dCGL ‡dTOH ‡dOCLCO ‡dIEP ‡dJRI ‡dOCLCO ‡dETC ‡dOCLCF ‡dRB0 ‡dOCLCA ‡dFLQ ‡dZGR
019 . ‡a987278936 ‡a1028561246 ‡a1029721453 ‡a1030223210 ‡a1030267453 ‡a1035369165 ‡a1035372528 ‡a1036754936 ‡a1047688552
020 . ‡a9780525528050
020 . ‡a0525528059
020 . ‡a9780525528074 ‡q(Books on Tape)
020 . ‡a0525528075 ‡q(Books on Tape)
0243 . ‡a9780525528050 ‡d54000
0243 . ‡a9780525528074 ‡d90000
02802. ‡aPRHA 7177 ‡bPenguin Random House Audio
035 . ‡a(OCoLC)987279038 ‡z(OCoLC)987278936 ‡z(OCoLC)1028561246 ‡z(OCoLC)1029721453 ‡z(OCoLC)1030223210 ‡z(OCoLC)1030267453 ‡z(OCoLC)1035369165 ‡z(OCoLC)1035372528 ‡z(OCoLC)1036754936 ‡z(OCoLC)1047688552
037 . ‡a60ca0e ‡bBlackstone Publishing
037 . ‡a40ca0e ‡bBlackstone Publishing
043 . ‡an-us-id ‡an-us---
08204. ‡a270.092 ‡a[B] ‡223
1001 . ‡aWestover, Tara, ‡eauthor. ‡0(LARL_NWRL_CONSORTIUM)221911
24510. ‡aEducated : ‡ba memoir / ‡cTara Westover.
250 . ‡aUnabridged.
264 1. ‡aNew York, NY : ‡bRandom House Audio ; ‡a[Westminster, MD] : ‡bBooks on Tape, ‡c[2018]
264 4. ‡c℗2018
300 . ‡a10 audio discs (approximately 12 hr.) : ‡bCD audio, digital ; ‡c4 3/4 in.
306 . ‡a120000
336 . ‡aspoken word ‡bspw ‡2rdacontent
337 . ‡aaudio ‡bs ‡2rdamedia
338 . ‡aaudio disc ‡bsd ‡2rdacarrier
344 . ‡adigital ‡2rda
347 . ‡aaudio file ‡bCD audio ‡2rda
500 . ‡aTitle from container.
5110 . ‡aRead by Julia Whelan.
500 . ‡aCompact disc.
520 . ‡aTraces the author's experiences as a child born to survivalists in the mountains of Idaho, describing her participation in her family's paranoid stockpiling activities and her resolve to educate herself well enough to earn acceptance into a prestigious university and the unfamiliar world beyond.
5050 . ‡aChoose the good -- The midwife -- Cream shoes -- Apache women -- Honest dirt -- Shield and buckler -- The Lord will provide -- Tiny harlots -- Perfect in his generations -- Shield of feathers -- Instinct -- Fish eyes -- Silence in the churches -- My feet no longer touch Earth -- No more a child -- Disloyal man, disobedient heaven -- To keep it holy -- Blood and feathers -- In the beginning -- Recitals of the fathers -- Skullcap -- What we whispered and what we screamed -- I'm from Idaho -- A knight, errant -- The work of sulphur -- Waiting for moving water -- If I were a woman -- Pygmalion -- Graduation -- The hand of the almighty -- Tragedy then farce -- A brawling woman in a wide house -- Sorcery of physics -- The substance of things -- West of the sun -- Four long arms, whirling -- Gambling for redemption -- Family -- Watching the buffalo -- Educated.
60010. ‡aWestover, Tara ‡xFamily.
60017. ‡aWestover, Tara. ‡2fast ‡0(LARL_NWRL_CONSORTIUM)221911
650 0. ‡aWomen ‡zIdaho ‡vBiography.
650 0. ‡aSurvivalism ‡zIdaho ‡vBiography.
650 0. ‡aHome schooling ‡zIdaho ‡vAnecdotes.
650 0. ‡aWomen college students ‡zUnited States ‡vBiography.
650 0. ‡aVictims of family violence ‡zIdaho ‡vBiography.
650 0. ‡aSubculture ‡zIdaho.
650 0. ‡aChristian biography. ‡0(LARL_NWRL_CONSORTIUM)177862
651 0. ‡aIdaho ‡xRural conditions ‡vAnecdotes.
651 0. ‡aIdaho ‡vBiography. ‡0(LARL_NWRL_CONSORTIUM)168511
650 7. ‡aBIOGRAPHY & AUTOBIOGRAPHY / Women. ‡2bisacsh
650 7. ‡aBIOGRAPHY & AUTOBIOGRAPHY / Religious. ‡2bisacsh
650 7. ‡aBIOGRAPHY & AUTOBIOGRAPHY / Personal Memoirs. ‡2bisacsh
650 7. ‡aChristian biography. ‡2fast ‡0(LARL_NWRL_CONSORTIUM)177862
650 7. ‡aFamilies. ‡2fast ‡0(LARL_NWRL_CONSORTIUM)19934
650 7. ‡aHome schooling. ‡2fast ‡0(LARL_NWRL_CONSORTIUM)36521
650 7. ‡aRural conditions. ‡2fast ‡0(LARL_NWRL_CONSORTIUM)30070
650 7. ‡aSubculture. ‡2fast ‡0(LARL_NWRL_CONSORTIUM)32063
650 7. ‡aSurvivalism. ‡2fast ‡0(LARL_NWRL_CONSORTIUM)32220
650 7. ‡aVictims of family violence. ‡2fast ‡0(LARL_NWRL_CONSORTIUM)37887
650 7. ‡aWomen. ‡2fast ‡0(LARL_NWRL_CONSORTIUM)34553
650 7. ‡aWomen college students. ‡2fast ‡0(LARL_NWRL_CONSORTIUM)34649
651 7. ‡aIdaho. ‡2fast ‡0(LARL_NWRL_CONSORTIUM)4682
651 7. ‡aUnited States. ‡2fast ‡0(LARL_NWRL_CONSORTIUM)178480
650 4. ‡aIdaho ‡xRural conditions ‡vAnecdotes.
650 4. ‡aIdaho ‡vBiography.
650 4. ‡aAudiobooks. ‡0(LARL_NWRL_CONSORTIUM)39121
655 7. ‡aAudiobooks. ‡2lcgft ‡0(LARL_NWRL_CONSORTIUM)175801
655 7. ‡aAutobiographies. ‡2lcgft
655 4. ‡aAudiobooks. ‡0(LARL_NWRL_CONSORTIUM)175801
655 7. ‡aAnecdotes. ‡2fast
655 7. ‡aAudiobooks. ‡2fast ‡0(LARL_NWRL_CONSORTIUM)175801
655 7. ‡aAutobiographies. ‡2fast
655 7. ‡aBiography. ‡2fast
7001 . ‡aWhelan, Julia, ‡d1984- ‡enarrator. ‡0(LARL_NWRL_CONSORTIUM)216577
901 . ‡a297953 ‡b ‡c297953 ‡tbiblio

Additional Resources